[Event "Salvador Bahia-ch"]
[Site "Salvador"]
[Date "2017.12.17"]
[Round "4"]
[White "Barreto Junior, Williem Silva"]
[Black "Costa, Rogerio de Souza"]
[Result "1-0"]
[WhiteElo "2167"]
[BlackElo "1921"]
[PlyCount "34"]
[EventDate "2017.12.15"]
[EventType "swiss"]
[EventRounds "5"]
[EventCountry "BRA"]
[SourceTitle "CBM 182 Extra"]
[Source "ChessBase"]
[SourceDate "2018.02.23"]
[SourceVersion "1"]
[SourceVersionDate "2018.02.23"]
[SourceQuality "1"]

1. d4 d5 2. c4 c6 3. Nd2 Nf6 4. Ngf3 e6 5. e3 Bd6 6. Qc2 Nbd7 7. Bd3 e5 8. cxd5 cxd5 9. e4 dxe4 10. Bxe4 h6 11. 0-0 exd4 12. Nxd4 0-0 13. Nf5 Qc7 14. Qxc7 Bxc7 15. Ne7+ Kh8 16. Nxc8 Raxc8 17. Bxb7 Rb8 1-0

[Event "Salvador Bahia-ch"]
[Site "Salvador"]
[Date "2017.12.15"]
[Round "1"]
[White "Costa, Rogerio de Souza"]
[Black "Tanaca, Clovis Nobuyuqui"]
[Result "1-0"]
[WhiteElo "1921"]
[BlackElo "1789"]
[PlyCount "99"]
[EventDate "2017.12.15"]
[EventType "swiss"]
[EventRounds "5"]
[EventCountry "BRA"]
[SourceTitle "CBM 182 Extra"]
[Source "ChessBase"]
[SourceDate "2018.02.23"]
[SourceVersion "1"]
[SourceVersionDate "2018.02.23"]
[SourceQuality "1"]

1. d4 Nf6 2. c4 g6 3. Nf3 Bg7 4. Nc3 0-0 5. e4 d6 6. Be2 b6 7. 0-0 Bb7 8. Qc2 c5 9. d5 Nbd7 10. Rd1 e6 11. dxe6 fxe6 12. Rxd6 Qe7 13. Rd1 Ng4 14. h3 Nge5 15. Qd2 Nxf3+ 16. Bxf3 Ne5 17. Be2 Rad8 18. Qc2 Rxd1+ 19. Qxd1 Qf6 20. f4 Rd8 21. Qf1 Nc6 22. e5 Qf5 23. Bg4 Qf7 24. Nb5 Nd4 25. Nd6 Qd7 26. Qf2 Bf8 27. Nxb7 Qxb7 28. Be3 Kf7 29. Rd1 Qe4 30. Bxd4 cxd4 31. Re1 Qc6 32. Qh4 Rd7 33. Qf6+ Ke8 34. Qxe6+ Qxe6 35. Bxe6 Rc7 36. Bd5 b5 37. b3 Bb4 38. Rd1 Bc3 39. Kf1 bxc4 40. bxc4 a5 41. Rb1 Bb4 42. Ke2 Kd7 43. Kd3 Bc3 44. Rb6 a4 45. Rf6 Ke8 46. Rb6 a3 47. Rb8+ Kd7 48. Rb7 Rxb7 49. Bxb7 Ke6 50. g4 1-0

[Event "Baianos-ch"]
[Site "Salvador"]
[Date "2015.10.12"]
[Round "6"]
[White "Neves, Carlos Alberto"]
[Black "Costa, Rogerio de Souza"]
[Result "1-0"]
[WhiteElo "1910"]
[BlackElo "1874"]
[PlyCount "37"]
[EventDate "2015.10.09"]
[EventType "swiss"]
[EventRounds "7"]
[EventCountry "BRA"]
[SourceTitle "EXT 2022"]
[Source "ChessBase"]
[SourceDate "2021.10.06"]
[SourceVersion "1"]
[SourceVersionDate "2021.10.06"]
[SourceQuality "1"]

1. e4 c5 2. Nf3 d6 3. h3 a6 4. Nc3 Nc6 5. d4 cxd4 6. Nxd4 Bd7 7. Be2 Nf6 8. 0-0 e5 9. Nb3 Be7 10. a4 a5 11. Bg5 Be6 12. Rc1 h6 13. Be3 d5 14. exd5 Nxd5 15. Nxd5 Bxd5 16. Nc5 Rb8 17. c4 Bxc5 18. Bxc5 Be6 19. Qd6 1-0

[Event "BRA Bahia zt"]
[Site "Salvador"]
[Date "2015.06.04"]
[Round "2"]
[White "Xavier, Ubirata Mesquita"]
[Black "Costa, Rogerio de Souza"]
[Result "0-1"]
[WhiteElo "101"]
[BlackElo "1851"]
[PlyCount "86"]
[EventDate "2015.06.04"]
[EventType "swiss"]
[EventRounds "7"]
[EventCountry "BRA"]
[SourceTitle "EXT 2022"]
[Source "ChessBase"]
[SourceDate "2021.10.06"]
[SourceVersion "1"]
[SourceVersionDate "2021.10.06"]
[SourceQuality "1"]

1. e4 c5 2. Nf3 d6 3. g3 g6 4. Nc3 Bg7 5. Bg2 Nc6 6. 0-0 a6 7. Re1 b5 8. d3 Bb7 9. Be3 Nf6 10. Nd5 0-0 11. Bg5 Nd7 12. c3 h6 13. Bc1 Nf6 14. Nh4 Kh7 15. f4 e6 16. Nxf6+ Bxf6 17. Nf3 Ne7 18. e5 dxe5 19. fxe5 Bg7 20. d4 cxd4 21. Ng5+ hxg5 22. Bxb7 Ra7 23. Bg2 dxc3 24. Bxg5 Qxd1 25. Raxd1 cxb2 26. Rb1 Bh6 27. Bxh6 Kxh6 28. Rxb2 Rd8 29. Rf2 Kg7 30. Ref1 Nd5 31. Rd1 Rad7 32. h4 Ne3 33. Re1 Rd1 34. Rfe2 Rxe1+ 35. Rxe1 Nxg2 36. Kxg2 Rd2+ 37. Kh3 Rxa2 38. Rc1 b4 39. Kg4 b3 40. h5 gxh5+ 41. Kxh5 b2 42. Rc4 b1Q 43. Rg4+ Qg6+ 0-1

[Event "Joao Pessoa op 08"]
[Site "Joao Pessoa"]
[Date "2013.08.03"]
[Round "3"]
[White "Bouwman, Marcelo Wanderley"]
[Black "Costa, Rogerio de Souza"]
[Result "1-0"]
[WhiteElo "2186"]
[BlackElo "1794"]
[PlyCount "87"]
[EventDate "2013.08.02"]
[EventType "swiss"]
[EventRounds "6"]
[EventCountry "BRA"]
[SourceTitle "CBM 155 Extra"]
[Source "ChessBase"]
[SourceDate "2013.08.26"]
[SourceVersion "1"]
[SourceVersionDate "2013.08.26"]
[SourceQuality "1"]

1. e4 c5 2. Nf3 d6 3. d4 cxd4 4. Nxd4 Nf6 5. Nc3 a6 6. Be2 e5 7. Nb3 Be7 8. Be3 Be6 9. 0-0 0-0 10. Qd2 Nc6 11. Rfd1 Qc7 12. a4 Nb8 13. a5 Nbd7 14. f3 Rac8 15. Rac1 Rfd8 16. Nd5 Nxd5 17. exd5 Bf5 18. c4 Nc5 19. Na1 e4 20. b4 exf3 21. Bxf3 Nd7 22. Nb3 Qb8 23. Qf2 Ne5 24. Be2 Bg4 25. Ba7 Qa8 26. Bb6 Re8 27. Bxg4 Nxg4 28. Qg3 Ne5 29. Bd4 f6 30. c5 Qb8 31. Qh3 Bf8 32. Bxe5 Rxe5 33. c6 bxc6 34. dxc6 Rc7 35. Qg4 Rce7 36. Qc4+ d5 37. Rxd5 Qa7+ 38. Rd4+ Kh8 39. c7 Re1+ 40. Rxe1 Rxc7 41. Re8 Rf7 42. Nc5 g5 43. Kf1 Kg7 44. Ne6+ 1-0

[Event "Joao Pessoa op 08"]
[Site "Joao Pessoa"]
[Date "2013.08.02"]
[Round "2"]
[White "Costa, Rogerio de Souza"]
[Black "Macedo, Maximo Valerio"]
[Result "1-0"]
[WhiteElo "1794"]
[BlackElo "2059"]
[PlyCount "80"]
[EventDate "2013.08.02"]
[EventType "swiss"]
[EventRounds "6"]
[EventCountry "BRA"]
[SourceTitle "CBM 155 Extra"]
[Source "ChessBase"]
[SourceDate "2013.08.26"]
[SourceVersion "1"]
[SourceVersionDate "2013.08.26"]
[SourceQuality "1"]

1. d4 f5 2. c4 Nf6 3. g3 g6 4. Bg2 Bg7 5. Nc3 d6 6. Bg5 c6 7. e3 0-0 8. h4 Qe8 9. Nge2 e5 10. d5 c5 11. Bxf6 Bxf6 12. 0-0 a6 13. Rb1 Nd7 14. b3 h6 15. Qc2 Bd8 16. f3 Nf6 17. Kf2 b5 18. Rh1 b4 19. Na4 Ra7 20. Nb2 Rg7 21. Rh2 e4 22. Rbh1 exf3 23. Bxf3 Ng4+ 24. Bxg4 fxg4+ 25. Nf4 Bf5 26. Qd2 Qe4 27. Ke1 Re7 28. Nd1 Ree8 29. Rf1 h5 30. Rhf2 Bf6 31. Nxh5 Bd4 32. Nf4 Bc3 33. Nxc3 bxc3 34. Qxc3 Qxe3+ 35. Qxe3 Rxe3+ 36. Kd2 Rxg3 37. Nxg6 Rd3+ 38. Kc1 g3 39. Rxf5 Re8 40. Nf4 Rde3 1-0

[Event "Natal Potiguar op"]
[Site "Natal"]
[Date "2013.07.05"]
[Round "2"]
[White "Costa, Rogerio de Souza"]
[Black "Azevedo, Edmundo Roberto Ram"]
[Result "1/2-1/2"]
[WhiteElo "1785"]
[BlackElo "1998"]
[PlyCount "104"]
[EventDate "2013.07.05"]
[EventType "swiss"]
[EventRounds "6"]
[EventCountry "BRA"]
[SourceTitle "EXT 2014"]
[Source "ChessBase"]
[SourceDate "2013.11.20"]
[SourceVersion "1"]
[SourceVersionDate "2013.11.20"]
[SourceQuality "1"]

1. d4 d5 2. c4 c6 3. Nc3 Nf6 4. Bg5 dxc4 5. Bxf6 exf6 6. a4 Bb4 7. e3 Be6 8. Nf3 Nd7 9. Nd2 Qa5 10. Qc2 b5 11. Be2 Nb6 12. 0-0 Bxc3 13. bxc3 Nxa4 14. Qe4 0-0 15. Qxc6 Rfc8 16. Qb7 Rab8 17. Qe7 Qxc3 18. Ne4 Qa5 19. Nc5 Re8 20. Qd6 Qd2 21. Bf3 Nxc5 22. Qxc5 a5 23. Qa7 Bf5 24. Rfd1 Qb4 25. Rxa5 c3 26. Rc1 Bd3 27. Bd5 Bc4 28. Qxf7+ Kh8 29. Ra7 Rg8 30. Bxc4 bxc4 31. Rc7 Rbc8 32. Rb7 Qa3 33. Rbb1 Rb8 34. Qxc4 Rgc8 35. Qf1 Rxb1 36. Rxb1 c2 37. Rc1 Qb2 38. h3 Rb8 39. Kh2 h6 40. Qe1 Rc8 41. Qd2 Qb8+ 42. g3 Qc7 43. d5 Qc5 44. d6 Rd8 45. Rxc2 Rxd6 46. Rxc5 Rxd2 47. Kg2 Kh7 48. Rc4 Kg6 49. Kf3 Rd5 50. Rd4 Rf5+ 51. Rf4 Ra5 52. h4 h5 1/2-1/2

[Event "Recife Arraes Memorial 6th"]
[Site "Recife"]
[Date "2013.06.09"]
[Round "7"]
[White "Costa, Rogerio de Souza"]
[Black "De Souza Neto, Hilton Vilarim"]
[Result "1/2-1/2"]
[WhiteElo "1787"]
[BlackElo "1977"]
[PlyCount "107"]
[EventDate "2013.06.06"]
[EventType "swiss"]
[EventRounds "7"]
[EventCountry "BRA"]
[SourceTitle "EXT 2014"]
[Source "ChessBase"]
[SourceDate "2013.11.20"]
[SourceVersion "1"]
[SourceVersionDate "2013.11.20"]
[SourceQuality "1"]

1. c4 d6 2. g3 Nf6 3. Bg2 c6 4. Nc3 g6 5. b3 Bg7 6. Bb2 0-0 7. e3 Bg4 8. Nge2 Na6 9. d4 e5 10. dxe5 dxe5 11. h3 Bf5 12. 0-0 Nc5 13. g4 Be6 14. Ba3 Qa5 15. Bxc5 Qxc5 16. Qc2 Rad8 17. Rfd1 a6 18. Rxd8 Rxd8 19. Rd1 Rf8 20. Ng3 Qb4 21. Qd3 Ne8 22. Nge4 h6 23. Na4 f5 24. Nec5 e4 25. Qc2 Bc8 26. Rd8 Qe1+ 27. Bf1 Nf6 28. Rxf8+ Bxf8 29. Qb2 Kf7 30. Qe5 Qd1 31. Qc7+ Bd7 32. Nxd7 Qxd7 33. Qxd7+ Nxd7 34. gxf5 gxf5 35. Nc3 Bg7 36. Ne2 Bb2 37. Ng3 Kg6 38. Be2 Ne5 39. Kf1 Bc3 40. Bd1 Bb4 41. a4 a5 42. Kg2 Bc5 43. Kf1 Kg5 44. Ke2 h5 45. Kf1 h4 46. Ne2 Kf6 47. Nf4 Ng6 48. Nxg6 Kxg6 49. Ke2 f4 50. Bc2 f3+ 51. Kf1 Kf5 52. Bb1 Ke5 53. Bc2 b6 54. Bb1 1/2-1/2

[Event "Recife Arraes Memorial 6th"]
[Site "Recife"]
[Date "2013.06.09"]
[Round "6"]
[White "Paiva, Paulo Ricardo Gonca"]
[Black "Costa, Rogerio de Souza"]
[Result "0-1"]
[WhiteElo "1519"]
[BlackElo "1787"]
[PlyCount "62"]
[EventDate "2013.06.06"]
[EventType "swiss"]
[EventRounds "7"]
[EventCountry "BRA"]
[SourceTitle "EXT 2014"]
[Source "ChessBase"]
[SourceDate "2013.11.20"]
[SourceVersion "1"]
[SourceVersionDate "2013.11.20"]
[SourceQuality "1"]

1. e4 c5 2. Nf3 d6 3. d4 cxd4 4. Nxd4 Nf6 5. Nc3 a6 6. Bg5 e6 7. f4 Be7 8. Qf3 h6 9. Bh4 Qb6 10. Nb3 Qc7 11. 0-0-0 Nc6 12. g4 Rb8 13. h3 b5 14. Bg2 Bb7 15. Rhe1 Nh7 16. Bxe7 Nxe7 17. Qd3 Nc8 18. f5 0-0 19. fxe6 fxe6 20. Rf1 Nf6 21. Nd4 Re8 22. Nf3 b4 23. g5 hxg5 24. Ne2 Bxe4 25. Qd2 b3 26. Qc3 bxa2 27. Qxc7 a1Q+ 28. Kd2 Qxb2 29. Rb1 Rb7 30. Bh1 Qxb1 31. Rxb1 Rxc7 0-1

[Event "Recife Arraes Memorial 6th"]
[Site "Recife"]
[Date "2013.06.08"]
[Round "4"]
[White "Santos, Lucas Henrique Azev"]
[Black "Costa, Rogerio de Souza"]
[Result "0-1"]
[WhiteElo "1732"]
[BlackElo "1787"]
[PlyCount "108"]
[EventDate "2013.06.06"]
[EventType "swiss"]
[EventRounds "7"]
[EventCountry "BRA"]
[SourceTitle "EXT 2014"]
[Source "ChessBase"]
[SourceDate "2013.11.20"]
[SourceVersion "1"]
[SourceVersionDate "2013.11.20"]
[SourceQuality "1"]

1. b3 d5 2. Bb2 c5 3. g3 Nc6 4. Bg2 e5 5. Nf3 Bd6 6. 0-0 Nf6 7. Nc3 d4 8. Nb5 Bb8 9. Na3 Be6 10. e3 0-0 11. exd4 cxd4 12. c3 d3 13. c4 Bg4 14. h3 Bh5 15. g4 Bg6 16. Nxe5 Bxe5 17. Bxe5 Nxe5 18. Bxb7 Rb8 19. Bg2 a6 20. f4 Nexg4 21. hxg4 Qd6 22. f5 Bxf5 23. Rxf5 Qxa3 24. g5 Ne8 25. Be4 Nd6 26. Rf4 Nxe4 27. Rxe4 Qc5+ 28. Kg2 Qxg5+ 29. Rg4 Qe5 30. Qf1 Rfe8 31. Rd1 Qe2+ 32. Qxe2 Rxe2+ 33. Kf3 Rf8 34. Rd4 Rh2 35. Kg3 Re2 36. Rxd3 g6 37. c5 Rc8 38. Rd5 Kf8 39. b4 Re4 40. a3 Rc4 41. d3 Rc3 42. a4 Rb3 43. Rd4 Rb8 44. Rc1 R3xb4 45. Rxb4 Rxb4 46. c6 Rb8 47. c7 Rc8 48. d4 Ke7 49. Kf3 Kd7 50. d5 Rxc7 51. Rd1 Kd6 52. Ke4 Rc4+ 53. Rd4 Rxd4+ 54. Kxd4 h5 0-1

[Event "Recife Arraes Memorial 6th"]
[Site "Recife"]
[Date "2013.06.07"]
[Round "2"]
[White "Born, Ary"]
[Black "Costa, Rogerio de Souza"]
[Result "0-1"]
[WhiteElo "1462"]
[BlackElo "1787"]
[PlyCount "42"]
[EventDate "2013.06.06"]
[EventType "swiss"]
[EventRounds "7"]
[EventCountry "BRA"]
[SourceTitle "EXT 2014"]
[Source "ChessBase"]
[SourceDate "2013.11.20"]
[SourceVersion "1"]
[SourceVersionDate "2013.11.20"]
[SourceQuality "1"]

1. e4 c5 2. Nf3 d6 3. c3 Nf6 4. Bd3 Nc6 5. h3 e6 6. Bc2 Qa5 7. 0-0 Be7 8. d4 cxd4 9. cxd4 a6 10. a3 Qc7 11. Bf4 0-0 12. Nc3 Rd8 13. Ne2 e5 14. Be3 b5 15. Rc1 Qb7 16. d5 Na5 17. Nd2 Nc4 18. Nxc4 bxc4 19. b3 cxb3 20. Rb1 bxc2 21. Qxc2 Qd7 0-1

[Event "BRA Bahia Region"]
[Site "Salvador"]
[Date "2013.04.27"]
[Round "1.5"]
[White "Costa, Rogerio de Souza"]
[Black "De Souza Assis, Rafael"]
[Result "0-1"]
[WhiteElo "1644"]
[BlackElo "1960"]
[PlyCount "64"]
[EventDate "2013.04.27"]
[EventType "swiss"]
[EventRounds "9"]
[EventCountry "BRA"]
[SourceTitle "EXT 2022"]
[Source "ChessBase"]
[SourceDate "2021.10.06"]
[SourceVersion "1"]
[SourceVersionDate "2021.10.06"]
[SourceQuality "1"]

1. d4 Nf6 2. c4 e6 3. Nc3 d5 4. e3 Be7 5. Nf3 0-0 6. Be2 b6 7. 0-0 Bb7 8. cxd5 exd5 9. Bd3 Nbd7 10. Ne5 Bd6 11. f4 Ne4 12. Qc2 f5 13. Qb3 Ndf6 14. a4 a5 15. Bb5 c5 16. Bc6 c4 17. Qd1 Bxc6 18. Nxc6 Qe8 19. Ne5 Bb4 20. Nb5 Rc8 21. Rf3 Qh5 22. Rf1 Qxd1 23. Rxd1 Rfd8 24. Na7 Ra8 25. Nac6 Rdc8 26. h3 Rc7 27. Kf1 Bd6 28. b3 cxb3 29. Ba3 Bxa3 30. Rxa3 Nc3 31. Re1 Nfe4 32. Rxb3 Nd2+ 0-1

[Event "Joao Pessoa op 4th"]
[Site "Joao Pessoa"]
[Date "2013.03.16"]
[Round "3"]
[White "Maia, Jose Simplicio"]
[Black "Costa, Rogerio de Souza"]
[Result "1-0"]
[WhiteElo "1968"]
[BlackElo "1699"]
[PlyCount "77"]
[EventDate "2013.03.15"]
[EventType "swiss"]
[EventRounds "6"]
[EventCountry "BRA"]
[SourceTitle "CBM 153 Extra"]
[Source "ChessBase"]
[SourceDate "2013.04.22"]
[SourceVersion "1"]
[SourceVersionDate "2013.04.22"]
[SourceQuality "1"]

1. e4 c5 2. Nf3 d6 3. d4 cxd4 4. Nxd4 Nf6 5. Nc3 a6 6. Bc4 e6 7. Bb3 Be7 8. Bg5 Qc7 9. Qe2 Bd7 10. 0-0-0 b5 11. Kb1 Nc6 12. Rhe1 Nxd4 13. Rxd4 Qc5 14. Be3 Qc7 15. f4 e5 16. Rd2 Rc8 17. h3 Be6 18. Nd5 Nxd5 19. exd5 Bd7 20. fxe5 0-0 21. e6 fxe6 22. dxe6 Be8 23. Bd4 Bg6 24. Bc3 Qc5 25. Qg4 a5 26. a3 a4 27. Bb4 Qc6 28. Bd5 Qb6 29. Be4 Bxe4 30. Qxe4 Rf2 31. Rde2 Rxe2 32. Rxe2 Qg1+ 33. Ka2 Qd1 34. Rd2 Qf1 35. Bxd6 Qf8 36. Bxe7 Qxe7 37. Rd7 Qc5 38. e7 Re8 39. Qe6+ 1-0